College Football National Champions - Statistics

General Stats
  • This quiz has been taken 126 times
  • The average score is 92 of 120
Answer Stats
Hint Answer % Correct
1925 | 1926 | 1961 | +10 others Alabama
100%
1981 | 2016 | 2018 Clemson
98%
1958 | 2003 | 2007 | 2019 LSU
98%
1968 | 2002 | 2014 Ohio State
94%
1931 | 1932 | 1962 | +4 others USC
93%
1996 | 2006 | 2008 Florida
91%
1993 | 1999 | 2013 Florida State
91%
1942 | 1946 | 1980 Georgia
91%
1963 | 1969 | 2005 Texas
89%
1933 | 1947 | 1948 | 1997 Michigan
88%
1983 | 1987 | 1989 | +2 others Miami
86%
1950 | 1955 | 1956 | +3 others Oklahoma
83%
1957 | 2010 Auburn
80%
| 1970 | 1971 | +2 others Nebraska
78%
1910 | 1913 Harvard
74%
1924 | 1929 | 1930 | +4 others Notre Dame
74%
1951 | 1998 Tennessee
74%
1906 | 1907 | 1909 Yale
74%
1908 Penn
72%
1954 UCLA
70%
Washington
68%
1952 | 1966 Michigan State
65%
Penn State
64%
1934 | 1935 | 1936 | 1941 Minnesota
60%
1922 Princeton
59%
1990 Colorado
58%
Georgia Tech
57%
1914 | 1944 | 1945 Army
56%
1916 | 1918 | 1976 Pitt
56%
1984 BYU
53%
1939 Texas A&M
53%
1964 Arkansas
52%
1940 Stanford
52%
1919 | 1923 | 1927 Illinois
51%
1938 TCU
46%
1959 Syracuse
43%
1915 | 1921 Cornell
40%
1953 Maryland
38%
1960 Ole Miss
37%
1920 | 1937 California
35%
No matching quizzes found
Score Distribution
Percent of People with Each Score
Percentile by Number Answered
Your Score History
You have not taken this quiz